Memoria gráfica del paladar /
Gardado en:
| Autor Principal: | |
|---|---|
| Autores corporativos: | , |
| Outros autores: | |
| Formato: | Procedimiento de la conferencia Libro |
| Idioma: | Lingua castelá |
| Publicado: |
Gijón, España :
Trea,
2007, c2007
|
| Series: | (La Comida de la Vida ;
20) |
| Temas: | |
| Etiquetas: |
Sen Etiquetas, Sexa o primeiro en etiquetar este rexistro!
|
MARC
| LEADER | 00000nam^a2200000^a^4500 | ||
|---|---|---|---|
| 001 | 000399860 | ||
| 005 | 20250521000000.0 | ||
| 009 | 20260310121603.88 | ||
| 020 | |a 978-84-9704-277-2 | ||
| 037 | |a Acervo ITESO - Biblioteca | ||
| 041 | |a ESP | ||
| 082 | |a 641. 50946 |b LAG | ||
| 100 | |a Laguía, Belén |e (colección) | ||
| 245 | 1 | 0 | |a Memoria gráfica del paladar / |c Colección de B. Laguía ; pról. de J.M. Bellver ; Moda Shopping, Feria Agroalimentaria de Talavera de la Reina. |
| 264 | 4 | |a Gijón, España : |b Trea, |c 2007, c2007 | |
| 300 | |a 253 p. | ||
| 336 | |a texto |b txt |2 rdacontenido | ||
| 337 | |a sin mediación |b n |2 rdamedio | ||
| 338 | |a volumen |b nc |2 rdasoporte | ||
| 440 | 4 | |a (La Comida de la Vida ; |v 20) | |
| 521 | |a FIL 2017 EEnlace Centro de Promoción Cultural | ||
| 649 | |a XX | ||
| 650 | |a Cocineros Españoles - |x Exposiciones - |x Catálogos | ||
| 650 | |a Coleccionistas Españoles - |x Exposiciones - |x Catálogos | ||
| 650 | |a Mujeres Españolas - |x Exposiciones - |x Catálogos | ||
| 650 | |a Centros Comerciales - |z Madrid, España - |x Exposiciones - |x Catálogos | ||
| 650 | |a Centros Comerciales - |z España - |x Exposiciones - |x Catálogos | ||
| 650 | |a Ferias Comerciales - |z Talavera de la Reina, España - |x Exposiciones - |x Catálogos | ||
| 650 | |a Ferias Comerciales - |z España - |x Exposiciones - |x Catálogos | ||
| 650 | |a Cartas (Menú) - |z España - |x Colecciones - |x Catálogos - |x Tema Principal | ||
| 650 | |a Cartas (Menú) - |z España - |x Exposiciones - |x Catálogos - |x Tema Principal | ||
| 650 | |a Cocina Española - |x Exposiciones - |x Catálogos | ||
| 650 | |a Cocina Española - |x Historia | ||
| 650 | |a Gastronomía - |z España - |x Exposiciones - |x Catálogos | ||
| 650 | |a Gastronomía - |z España - |x Historia | ||
| 650 | |a Fiestas - |z España - |x Historia | ||
| 650 | |a Diseño Gráfico - |z España - |x Colecciones - |x Catálogos | ||
| 650 | |a Diseño Gráfico - |z España - |x Exposiciones - |x Catálogos | ||
| 650 | |a Diseño Gráfico - |x Historia y Crítica | ||
| 650 | |a Diseño Español - |x Colecciones - |x Catálogos | ||
| 650 | |a Diseño Español - |x Exposiciones - |x Catálogos | ||
| 650 | |a Diseño Español - |x Historia y Crítica | ||
| 650 | |a Arte Moderno - |z España - |x Colecciones - |x Catálogos | ||
| 650 | |a Arte Moderno - |z España - |x Exposiciones - |x Catálogos | ||
| 650 | |a Arte Moderno - |z España - |x Historia y Crítica | ||
| 650 | |a Arte Español - |x Colecciones - |x Catálogos | ||
| 650 | |a Arte Español - |x Exposiciones - |x Catálogos | ||
| 650 | |a Arte Español - |x Historia y Crítica | ||
| 650 | |a Historia Social - |z España | ||
| 650 | |a Laguía, Belén - |x Tema Principal | ||
| 710 | |a Moda Shopping (Madrid, España) | ||
| 711 | |a Feria Agroalimentaria de Talavera de la Reina (1a : |d 2006 : |c Talavera de la Reina, España) | ||
| 700 | |a Bellver, Juan Manuel |e (prólogo) | ||
| 910 | |a Fondo General | ||
| 920 | |a Impresos - Libros | ||
| 930 | |a Reserva Especial | ||
| 905 | |a 103 | ||
| 901 | |a 0500295105 |b IT1 |c REE |i c158228 |u 20250521 | ||
| 902 | |a https://opac.biblio.iteso.mx/vufind/Record/000399860 | ||